Open access emergency medicine OAEM.

Bibliographic Details
Format: Electronic Serial
Language:English
Published: [Auckland, NZ] : Dove Medical Press, [2009]-
Subjects:
Online Access:Full text available from Research Library: 01/01/2009 to present

MARC

LEADER 00000nas a2200000 a 4500
001 ssj0000615583
003 WaSeSS
005 20200512172242.0
006 m d
007 cr n
008 090708c20099999nz an s 0 a0eng c
010 |a  2012243324 
016 7 |a 101570796  |2 DNLM 
022 |a 1179-1500  |l 1179-1500 
035 |a (WaSeSS)ssj0000615583 
040 |a FQM  |b eng  |c FQM  |d OCLCQ  |d NLM  |d OCLCQ  |d CUV  |d CUS  |d OCLCF  |d EUW  |d OCLCQ  |d TXA  |d OCLCQ  |d BUF  |d OCLCO  |d OCLCA  |d WaSeSS 
042 |a pcc 
050 1 4 |a RC86  |b .O64 
060 1 0 |a W1 
210 1 0 |a Open Access Emerg Med  |2 dnlm 
222 0 |a Open access emergency medicine 
245 0 0 |a Open access emergency medicine  |h [electronic resource] :  |b OAEM. 
246 1 |a OAEM 
260 |a [Auckland, NZ] :  |b Dove Medical Press,  |c [2009]- 
310 |a Annual 
362 1 |a Began with: Volume 1 (2009). 
506 |a License restrictions may limit access. 
515 |a Articles added irregularly during the year and collected into annual issues. 
588 |a Description based on: Volume 1 (2009); title from journal home page (viewed July 7, 2009). 
588 |a Latest issue consulted: Volume 8 (2016) (Dovepress, viewed September 19, 2016). 
650 0 |a Emergency medicine  |v Periodicals. 
650 1 2 |a Emergency Medical Services. 
650 2 2 |a Emergency Medicine. 
650 2 2 |a Emergency Treatment. 
650 7 |a Emergency medicine.  |2 fast  |0 (OCoLC)fst00908615 
655 0 |a Electronic journals. 
856 4 0 |z Full text available from Research Library: 01/01/2009 to present  |u https://search.proquest.com/publication/3933328